| 000 | 00527nam a2200181Ia 4500 | ||
|---|---|---|---|
| 008 | 150610s9999 xx 000 0 und d | ||
| 020 | _a 0486292460 (pbk.) | ||
| 050 |
_aPR4670 _b.A1 1996 |
||
| 100 | _aEliot, George, 1819-1880 | ||
| 245 |
_aSilas Marner / _cGeorge Eliot. |
||
| 260 |
_aMineola, N.Y. : _bDover Publications, _c1996. |
||
| 300 |
_a151pages ; _c21 cm. |
||
| 520 | _aFiction. | ||
| 650 |
_a Foundlings _xFiction. |
||
| 650 |
_aAdopted children _xFiction. |
||
| 650 | _aEngland | ||
| 650 |
_aWeavers _bFiction. |
||
| 999 |
_c288090 _d288090 |
||